000
00209nmm a2200085Ia 4500
008
220120s9999||||xx |||||||||||||||||und||
100
_a
WP Publishers
_9
11024
245
0
_a
Inside C#
260
_a
WP publishers
_c
2010
999
_c
139558
_d
139558